Online
Catalog

Cinco novelas / (Record no. 13472)

MARC details
000 -CABECERA
campo de control de longitud fija 00600nam a2200193 a 4500
001 - NÚMERO DE CONTROL
campo de control 000013864
005 - FECHA Y HORA DE LA ÚLTIMA TRANSACCIÓN
campo de control 20200929163357.0
008 - DATOS DE LONGITUD FIJA--INFORMACIÓN GENERAL
campo de control de longitud fija 800221s1972 ve 000 1 spa
040 ## - FUENTE DE LA CATALOGACIÓN
Centro catalogador/agencia de origen DO-SdBNP
Centro/agencia transcriptor DLC
Centro/agencia modificador DLC
041 ## - CÓDIGO DE LENGUA
Código de lengua del texto/banda sonora o título independiente BNGR
050 00 - SIGNATURA TOPOGRÁFICA DE LA BIBLIOTECA DEL CONGRESO
Número de clasificación PQ8549.M426
Número de documento/Ítem A15 1972
082 ## - NÚMERO DE LA CLASIFICACIÓN DECIMAL DEWEY
Número de clasificación xxx
Número de documento/Ítem M543c
100 1# - ENTRADA PRINCIPAL--NOMBRE DE PERSONA
Nombre de persona Meneses, Guillermo,
Fechas asociadas al nombre 1911-1978
9 (RLIN) 21480
245 00 - MENCIÓN DE TÍTULO
Título Cinco novelas /
Mención de responsabilidad, etc. Guillermo Meneses; prólogo de Alicia Freilich de Segal.
260 ## - PUBLICACIÓN, DISTRIBUCIÓN, ETC.
Lugar de publicación, distribución, etc. Caracas :
Nombre del editor, distribuidor, etc. [s.n.],
Fecha de publicación, distribución, etc. 1972.
300 ## - DESCRIPCIÓN FÍSICA
Extensión 616 p. ;
Dimensiones 23 cm.
700 1# - PUNTO DE ACCESO ADICIONAL--NOMBRE DE PERSONA
Nombre de persona Freilich de Segal, Alicia
Término indicativo de función/relación pról
9 (RLIN) 31400
910 ## - DATOS DE OPCIÓN DEL USUARIO (OCLC)
Datos de opción del usuario Catalogación por copia / LC
Holdings
Estado de retiro Estado de pérdida Restricciones de uso No para préstamo Código de colección Localización permanente Ubicación/localización actual Ubicación en estantería Fecha de adquisición Número de inventario Total de préstamos Signatura topográfica completa Código de barras Fecha visto por última vez Precio válido a partir de Tipo de ítem Koha
    Préstamo interno Préstamo restrigido Monografías: Libros y Folletos General General En encuadernación 30.11.2009 LF1   xxx M543c 13864-10 25.06.2020 25.06.2020 Préstamo interno

Powered by Koha